Flowers by colour - Statistics

General Stats
  • This quiz has been taken 40 times
  • The average score is 4 of 7
Answer Stats
Picture Answer % Correct
Rose
100%
Daffodil
76%
Orchid
71%
Lotus
68%
Forget me not
50%
Marigold
35%
Allium
21%
No matching quizzes found
Score Distribution
Percent of People with Each Score
Percentile by Number Answered
Your Score History
You have not taken this quiz